Print reading for engineering and manufacturing technology / (Record no. 31622)

000 -LEADER
fixed length control field 01187cam a22003254a 4500
001 - CONTROL NUMBER
control field 13508048
003 - CONTROL NUMBER IDENTIFIER
control field OSt
005 - DATE AND TIME OF LATEST TRANSACTION
control field 20211214122107.0
008 - FIXED-LENGTH DATA ELEMENTS--GENERAL INFORMATION
fixed length control field 040302s2004 nyua 001 0 eng
010 ## - LIBRARY OF CONGRESS CONTROL NUMBER
LC control number 2004005063
020 ## - INTERNATIONAL STANDARD BOOK NUMBER
International Standard Book Number 1401851630
035 ## - SYSTEM CONTROL NUMBER
System control number (OCoLC)ocm54694517
038 ## - RECORD CONTENT LICENSOR
Staff Name Khadija
040 ## - CATALOGING SOURCE
Original cataloging agency DLC
Transcribing agency DLC
Modifying agency YDX
-- BAKER
-- BTCTA
-- YDXCP
-- U3Q
-- DLC
042 ## - AUTHENTICATION CODE
Authentication code pcc
050 00 - LIBRARY OF CONGRESS CALL NUMBER
Classification number TR920
Item number .M33 2004
082 00 - DEWEY DECIMAL CLASSIFICATION NUMBER
Classification number 670
Edition number 22
Author Mark MAD
100 1# - MAIN ENTRY--PERSONAL NAME
Personal name Madsen, David A.
9 (RLIN) 86580
245 10 - TITLE STATEMENT
Title Print reading for engineering and manufacturing technology /
Statement of responsibility, etc. David A. Madsen.
250 ## - EDITION STATEMENT
Edition statement 2nd ed.
260 ## - PUBLICATION, DISTRIBUTION, ETC.
Place of publication, distribution, etc. Clifton Park, NY :
Name of publisher, distributor, etc. Thomson/Delmar Learning,
Date of publication, distribution, etc. c2004.
300 ## - PHYSICAL DESCRIPTION
Extent viii, 439 p. :
Other physical details ill. ;
Dimensions 28 cm.
440 #0 - SERIES STATEMENT/ADDED ENTRY--TITLE
Title Delmar learning blueprint reading series
9 (RLIN) 36211
500 ## - GENERAL NOTE
General note Includes index.
563 ## - BINDING INFORMATION
Binding note Paperback
650 #0 - SUBJECT ADDED ENTRY--TOPICAL TERM
Topical term or geographic name entry element Photographic reproduction of plans, drawings, etc.
9 (RLIN) 86581
906 ## - LOCAL DATA ELEMENT F, LDF (RLIN)
a 7
b cbc
c orignew
d 1
e ecip
f 20
g y-gencatlg
942 ## - ADDED ENTRY ELEMENTS (KOHA)
Source of classification or shelving scheme
Koha item type Book
Holdings
Withdrawn status Lost status Source of classification or shelving scheme Damaged status Not for loan Permanent Location Current Location Shelving location Date acquired Full call number Barcode Date last seen Price effective from Koha item type
          School of Mechanical & Manufacturing Engineering (SMME) School of Mechanical & Manufacturing Engineering (SMME) General Stacks 06/29/2015 670 MAD SMME-131 03/28/2018 06/29/2015 Book
© 2023 Central Library, National University of Sciences and Technology. All Rights Reserved.